Normal view
MARC view
Entry Personal Name
001 - CONTROL NUMBER
- control field: 27872
003 - CONTROL NUMBER IDENTIFIER
- control field: ARRUPE
005 - DATE AND TIME OF LATEST TRANSACTION
- control field: 20161202104845.0
008 - FIXED-LENGTH DATA ELEMENTS
- fixed length control field: 161202|| aca||aabn | a|a d
040 ## - CATALOGING SOURCE
- Original cataloging agency: ARRUPE
- Transcribing agency: ARRUPE
100 ## - HEADING--PERSONAL NAME
- Personal name: Jedin, Hubert,
- Dates associated with a name: 1900-
- Relator term: ed.
670 ## - SOURCE DATA FOUND
- Source citation: Work cat.: (ARRUPE)0: Jedin, Hubert, 1900- ed., Handbook of church history/, [1969